Présidents des États-Unis - Statistiques

Statistiques générales
  • Ce quiz a été pris 60 fois
  • Le résultat moyen est 24 sur 45
Statistiques - réponses
Par images Réponse % Correct
Barack Obama
96%
Donald Trump
96%
Joe Biden
96%
George H. W. Bush
94%
George W. Bush
94%
George Washington
92%
John F. Kennedy
88%
Bill Clinton
83%
Franklin Delano Roosevelt
81%
Theodore Roosevelt
81%
Abraham Lincoln
79%
Richard Nixon
69%
Ronald Reagan
69%
Dwight Eisenhower
63%
Andrew Johnson
60%
Lyndon B. Johnson
60%
Harry Truman
58%
Thomas Jefferson
56%
Gerald Ford
54%
Jimmy Carter
52%
John Adams
48%
John Quincy Adams
48%
Woodrow Wilson
48%
Herbert Hoover
46%
Ulysses S. Grant
46%
James Monroe
44%
Andrew Jackson
42%
Grover Cleveland
40%
James Madison
40%
Chester Arthur
35%
Calvin Coolidge
33%
James A. Garfield
33%
William Howard Taft
31%
Zachary Taylor
31%
Benjamin Harrison
29%
Franklin Pierce
29%
James Knox Polk
29%
Martin Van Buren
29%
William Henry Harrison
29%
William McKinley
29%
James Buchanan
27%
John Tyler
27%
Milard Fillmore
25%
Warren G. Harding
25%
Rutherford B. Hayes
21%
Aucun quiz correspondant
Distribution des résultats
% des personnes avec chaque résultat
Percentile par nombre de réponses
Votre historique - résultats
Vous n’avez pas pris ce quiz